Quiz Harry Potter - Statistiques

Statistiques générales
  • Ce quiz a été pris 85 fois
    61 depuis la dernière actualisation
  • Le résultat moyen est 10 sur 15
Statistiques - réponses
Question Réponse % Correct
Sibylle Trelawney est professeur de... divination
94%
comment s'appelle la mère de Drago Malefoy? (Nom de jeune fille) Narcissa Black
94%
Comment s'appelle le père de Luna Lovegood? xenophilius
94%
Comment s'appelent les frères de Molly Weasley ? Fabian et Gidéon
81%
Que peut-on voir sur la porte du placard dans lequel vit harry?
75%
quel est le patronus de Kingsley Shacklebolt?
75%
Avec qui Harry Potter va-t-il à la soirée organisée par le professeur Slughorn en sixième année? avec Luna Lovegood
75%
Quel est le premier personnage qui apparaît à l'écran dans Harry Potter à l'école des sorciers? Albus Dumbledore
69%
Dans quelle école était Nicolas Flamel? à l'académie de magie Beauxbâtons
63%
Un gallion vaut... 17 mornilles
56%
Combien y a-t-il d'escaliers à Poudlard? 142
50%
Quelle est la date de naissance de Drago Malefoy? le 6 juin 1980
50%
Quelle est la couleur préférée de Gilderoy Lockhart le lilas
50%
Sur quelle case Ron déplace-t-il son cavalier pour se sacrifier pendant la bataille d'échec géante? sur la case H3
31%
Quel est le numéro du coffre fort de Sirius black à Gringotts, la banque des sorciers? n°711
25%
Aucun quiz correspondant
Distribution des résultats
% des personnes avec chaque résultat
Percentile par nombre de réponses
Votre historique - résultats
Vous n’avez pas pris ce quiz depuis la dernière actualisation